000 00284nam a22001217a 4500
008 230621b xxu||||| |||| 00| 0 eng d
082 _a328.1
_bCPA
100 _cCPA
245 _aThirteenth Parliamentary Course 1964
260 _aLondon
_bCPA
_c1964
300 _a83p
942 _2ddc
_cBK
999 _c2156
_d2156